000 00341nam a22001577a 4500
003 SGT
020 _a978-93-080316-72-7
082 _a612
_bM19P
100 _aPAL,G.K
245 _aTEXT BOOK OF MEDICAL PHYSIOLOGY
250 _a3RD
260 _aNEW DELHI
_bAHUJA PUB
_c2019
300 _a1054
650 _aAYURVEDA
942 _2ddc
_cBK
_011
999 _c16896
_d16896